000 00855nam a22002417a 4500
999 _c4198
_d4198
003 AR-CdUCM
008 190308b ||||| |||| 00| 0 spa d
020 _a978-612-302-787-2
040 _aMUNICIPALIDAD PROVINCIAL DEL CUSCO
_cBIBLIOTECA MUNICIPAL DEL CUSCO
082 _a869.56 /
_bV18
100 _aValle Goicochea, Luis
_91750
245 _aLos zapatos de cordobán :
_bescritos en prosa (1928-1949) /
260 _aLima :
_bEdit. San Marcos,
_c2012.
300 _a331 paginas ;
_c24 cm.
505 _aContenido :Escritos narrativos --Otros escritos en prosa --Galería fotográfica /
650 _aCuentos peruanos
_97
650 _aCrónicas literarias peruanas
_913299
650 _aSiglo XX
_98
700 _aLuis Valle Cisneros (traductor)
_913300
700 _aChrystian Zegarra (traductor)
_913301
942 _2ddc
_cLIBROS
945 _arjall